000 00557nam a2200229Ia 4500
003 OSt
005 20220912144335.0
006 a|||||r|||| 00| 0
007 ta
008 220909b |||||||| |||| 00| 0 eng d
020 _aSL0265164
024 _a195564
037 _cTextual
040 _aCSL
_beng
_cCSL
041 _aeng
082 _aB245, K7
100 _amehta ml
245 0 _arandom matrices and the stastical theory of enery levels
700 _amehta ml
942 _hB245, K7
_cTEXL
_2CC
999 _c5430
_d5430